Разработка морских нефтегазовых ресурсов Арктики. Историческая ретроспектива и текущее состояние

Bibliographische Detailangaben
1. Verfasser: Паничкин И. В. Иван Витальевич
Weitere Verfasser: Давыдова В. С. Валентина Сергеевна
Zusammenfassung:В настоящем издании анализируется опыт приакртических государств (Россия, США, Канада, Дания/Гренландия и Норвегия) в разработке морских нефтегазовых ресурсов Арктики. Для каждого приарктического государства в исторической ретроспективе рассматриваются такие вопросы как "арктическая стратегия", правовой статус континентального шельфа, опыт реализации морских нефтегазовых проектов, состояние ледокольного флота, сотрудничество с Российской Федерацией. Кроме того, по каждой стране приводится оценка перспектив расширения соответствующей деятельности. Важным аспектом данного издания является оценка факторов, которые будут оказывать влияние на возможности приарктических государств и нефтегазовых компаний по разработке морских нефтегазовых ресурсов Арктики. Настоящее издание будет полезно как для научного, так и профессионального сообщества, а также студентов и аспирантов, изучающих соответствующие дисциплины.
Sprache:Russisch
Veröffentlicht: [Б. м.], [Б. и.], 2019
Schlagworte:
Format: Buch
KOHA link:https://koha.lib.tpu.ru/cgi-bin/koha/opac-detail.pl?biblionumber=346016

MARC

LEADER 00000nam0a2200000 4500
001 346016
005 20231102005836.0
010 |a 9785768811501 
035 |a (RuTPU)RU\TPU\book\377872 
090 |a 346016 
100 |a 20210513d2019 km y0rusy50 ca 
101 0 |a rus 
102 |a RU 
105 |a a z 000zy 
200 1 |a Разработка морских нефтегазовых ресурсов Арктики. Историческая ретроспектива и текущее состояние  |f И. В. Паничкин, В. С. Давыдова 
210 |a [Б. м.]  |c [Б. и.]  |d 2019 
215 |a 116 с.  |c ил. 
330 |a В настоящем издании анализируется опыт приакртических государств (Россия, США, Канада, Дания/Гренландия и Норвегия) в разработке морских нефтегазовых ресурсов Арктики. Для каждого приарктического государства в исторической ретроспективе рассматриваются такие вопросы как "арктическая стратегия", правовой статус континентального шельфа, опыт реализации морских нефтегазовых проектов, состояние ледокольного флота, сотрудничество с Российской Федерацией. Кроме того, по каждой стране приводится оценка перспектив расширения соответствующей деятельности. Важным аспектом данного издания является оценка факторов, которые будут оказывать влияние на возможности приарктических государств и нефтегазовых компаний по разработке морских нефтегазовых ресурсов Арктики. Настоящее издание будет полезно как для научного, так и профессионального сообщества, а также студентов и аспирантов, изучающих соответствующие дисциплины. 
606 1 |a Нефтегазовые месторождения морские  |x Эксплуатация  |2 stltpush  |3 (RuTPU)RU\TPU\subj\45567  |9 64761 
610 1 |a Арктика 
610 1 |a морские нефтегазовые ресурсы 
610 1 |a нефть 
610 1 |a газ 
610 1 |a добыча 
610 1 |a Гренландия 
610 1 |a Дания 
610 1 |a нефтегазовые месторождения 
610 1 |a разработка 
610 1 |a Канада 
610 1 |a континентальный шельф 
610 1 |a США 
610 1 |a Аляска 
610 1 |a ледокольный флот 
610 1 |a Норвегия 
610 1 |a Россия 
610 1 |a Северный морской путь 
675 |a 622.276.04  |v 4 
700 1 |a Паничкин  |b И. В.  |g Иван Витальевич 
701 1 |a Давыдова  |b В. С.  |g Валентина Сергеевна 
801 1 |a RU  |b 63413507  |c 20210513 
801 2 |a RU  |b 63413507  |c 20220112  |g RCR 
942 |c BK 
959 |a 4/20210513  |d 3  |e 1876,00  |f УФ:3